Arabskí umelci a Irak na Západe sa forumuje odpor proti ...

Podrobná bibliografia
Hlavný autor: Al-Mozany, Hussain, 1954- (Autor)
Médium: Článok
Jazyk:slovenčina
Fyzický popis:Fotogr.
ISSN:1335-440X
Predmet:

MARC

LEADER 00000nab a2200000 a 4500
001 vtls000822851
003 SK-MaSNL
005 20260302145833.0
008 180206c2003 xo 0 slo
015 |a SNBRB2003/01-02221 
035 |a CLN000174506 
040 |a SNKBUCL  |b slo  |c SNKBUCL  |e AACR2 
041 0 |a slo 
044 |a xo  |c SK 
080 |a 327(73):323(567)  |2 UDC-MRF-SK2 
080 |a 301.15-057.4(100=927)  |2 UDC-MRF-SK2 
100 1 |a Al-Mozany, Hussain,  |d 1954-  |4 aut  |9 838393 
245 1 0 |a Arabskí umelci a Irak  |b na Západe sa forumuje odpor proti ...  |c Hussajn Al-Mozany 
300 |b Fotogr. 
650 0 7 |a intelektuáli arabskí  |2 snkbucl  |9 838394 
651 7 |a Irak  |x politika vnútorná  |x Spojené štáty americké  |x zasahovanie  |2 snkbucl  |9 838395 
655 7 |a články z novín a časopisov  |2 snkbucl  |9 267496 
773 0 |x 1335-440X  |t Sme  |g Roč. 11, č. 5 (8.1.2003) 
773 0 |x 1335-440X  |t [Príl.] Fórum  |g Roč. 2, č. 1, s. 14 
850 |a Slovenská národná knižnica v Martine 
852 |a SNK  |b KIS3GCP 
958 |a RBX 
999 |c 1355813  |d 1357743